Geology and ground-water features of the Eureka area, Humboldt County, California / (Record no. 29345)

MARC details
000 -LEADER
fixed length control field 01053cam a22003011a 4500
001 - CONTROL NUMBER
control field gs 59000169
003 - CONTROL NUMBER IDENTIFIER
control field DLC
005 - DATE AND TIME OF LATEST TRANSACTION
control field 20260227111408.0
008 - FIXED-LENGTH DATA ELEMENTS--GENERAL INFORMATION
fixed length control field 790920s1959 dcuabf b f001 0 eng
010 ## - LIBRARY OF CONGRESS CONTROL NUMBER
LC control number gs 59000169
035 ## - SYSTEM CONTROL NUMBER
System control number (OCoLC)5393094
040 ## - CATALOGING SOURCE
Original cataloging agency DLC
Transcribing agency TxLT
Modifying agency DNAL
-- OCoLC
-- DLC
042 ## - AUTHENTICATION CODE
Authentication code premarc
043 ## - GEOGRAPHIC AREA CODE
Geographic area code n-us-ca
050 00 - LIBRARY OF CONGRESS CALL NUMBER
Classification number TC801
Item number .U2 no. 1470
070 0# - NATIONAL AGRICULTURAL LIBRARY CALL NUMBER
Classification number 407
Item number G29W no.1470
072 0# - SUBJECT CATEGORY CODE
Subject category code P200
082 ## - DEWEY DECIMAL CLASSIFICATION NUMBER
Classification number 551.490979412
100 1# - MAIN ENTRY--PERSONAL NAME
Personal name Evenson, R. E.
245 10 - TITLE STATEMENT
Title Geology and ground-water features of the Eureka area, Humboldt County, California /
Statement of responsibility, etc. by R.E. Evenson ; prepared in cooperation with the California Dept. of Water Resources.
260 ## - PUBLICATION, DISTRIBUTION, ETC.
Place of publication, distribution, etc. Washington, D.C. :
Name of publisher, distributor, etc. U.S. G.P.O.,
Date of publication, distribution, etc. 1959.
300 ## - PHYSICAL DESCRIPTION
Extent iv, 80 p., [2] folded leaves of plates :
Other physical details ill., maps ;
Dimensions 24 cm.
440 #0 - SERIES STATEMENT/ADDED ENTRY--TITLE
Title Geological Survey water-supply paper ;
Volume/sequential designation 1470
504 ## - BIBLIOGRAPHY, ETC. NOTE
Bibliography, etc. note Bibliography: p. 77.
500 ## - GENERAL NOTE
General note Includes index.
650 #0 - SUBJECT ADDED ENTRY--TOPICAL TERM
Topical term or geographic name entry element Water-supply
Geographic subdivision California
-- Humboldt County.
650 #0 - SUBJECT ADDED ENTRY--TOPICAL TERM
Topical term or geographic name entry element Groundwater
Geographic subdivision California
-- Humboldt County.

No items available.

Powered by Koha